Globalizaciones múltiples: la diversidad cultural en el mundo contemporáneo
Na minha lista:
| Main Authors: | , |
|---|---|
| Formato: | Livro |
| Idioma: | espanhol |
| Publicado em: |
Barcelona
Paidós Ibérica, S.A
2002
|
| Assuntos: | |
| Tags: |
Adicionar Tag
Sem tags, seja o primeiro a adicionar uma tag!
|
MARC
| LEADER | 00000nam a2200000 a 4500 | ||
|---|---|---|---|
| 001 | UCL7303 | ||
| 003 | CL-VaPUC | ||
| 008 | 040514e20020000SP |||||||||||||||||spa|d | ||
| 020 | |a 8449313228 | ||
| 082 | 0 | 4 | |a 306.4 |b BER |2 21 |
| 100 | 0 | |a Berger, Peter L |e author |9 342247 | |
| 700 | |a Huntington, Samuel P |e author |9 587262 | ||
| 245 | 1 | 0 | |a Globalizaciones múltiples: la diversidad cultural en el mundo contemporáneo |
| 300 | |a 420 p | ||
| 942 | |c BK | ||
| 945 | |d 20040514 00:00:00 |a cmena | ||
| 260 | |a Barcelona |b Paidós Ibérica, S.A |c 2002 | ||
| 650 | 0 | |a Globalización |9 361930 | |
| 650 | 0 | |a Diversidad cultural |9 473079 | |
| 650 | 0 | |a Cambio social |9 256857 | |
| 650 | 0 | |a Política cultural |9 316492 | |
| 583 | |a last modification |c 20040514 00:00:00 |k Rodrigo Vera | ||
| 999 | |c 309146 |d 309144 | ||
| 952 | |0 0 |1 0 |4 0 |6 306_400000000000000_BER_2002 |7 0 |8 A |9 376497 |a BIBHIS |b BIBHIS |d 2019-11-21 |i 4016955 |o 306.4 BER 2002 |p 4016955 |r 2025-01-20 |w 2019-11-21 |y BK |k HIS | ||
| 952 | |0 0 |1 0 |4 0 |6 306_400000000000000_BER_2002 |7 0 |8 A |9 376498 |a BIBHIS |b BIBHIS |d 2019-11-21 |i 4290593 |o 306.4 BER 2002 |p 4290593 |r 2025-01-20 |w 2019-11-21 |y BK |k HIS | ||
| 952 | |0 0 |1 0 |4 0 |6 306_400000000000000_BER_2002 |7 0 |8 A |9 376499 |a BIBEDU |b BIBEDU |d 2019-11-21 |i 4364821 |o 306.4 BER 2002 |p 4364821 |r 2019-11-21 |w 2019-11-21 |y BK |k PSI | ||